|
|
|
|
| LEADER |
01335nam a2200277 a 4500 |
| 001 |
13708988 |
| 003 |
BD-DhAAL |
| 005 |
20241212123720.0 |
| 008 |
091108s2005 nyu 000 0 eng d |
| 010 |
|
|
|a 2004113015
|
| 020 |
|
|
|a 0716752298 (paper)
|
| 040 |
|
|
|a DLC
|c DLC
|d DLC
|d BD-DhAAL
|
| 082 |
0 |
0 |
|a 338.5
|2 22
|
| 100 |
1 |
|
|a Krugman, Paul.
|
| 245 |
1 |
0 |
|a Microeconomics /
|c Paul Krugman, Robin Wells.
|
| 260 |
|
|
|a New York :
|b Worth Publishers,
|c 2005.
|
| 300 |
|
|
|a xxxii, 537 p. S-25, G-10, I-12 :
|b ill. ;
|c 28 cm.
|
| 526 |
|
|
|x Fahmida Sadia Rahman
Senior Lecturer
ESS
Course name and no. N/A
|
| 541 |
1 |
|
|a Dhanshiri Library(19608)
|e 00016015,19608
|
| 650 |
|
0 |
|a Microeconomics.
|
| 700 |
1 |
|
|a Wells, Robin
|9 57283
|
| 852 |
4 |
|
|a Ayesha Abed Library
|j General Shelf
|
| 942 |
0 |
0 |
|0 1
|2 ddc
|c BK
|
| 999 |
|
|
|c 5713
|d 5713
|
| 952 |
|
|
|0 0
|1 0
|2 ddc
|4 1
|6 338_500000000000000_KRU
|7 0
|9 5647
|a SCL
|b SCL
|c GEN
|d 2009-11-21
|e Complimentary Copy
|g 0.00
|l 26
|m 192
|o 338.5 KRU
|p 3010016015
|r 2017-04-10
|s 2017-01-09
|t 1
|w 2009-11-21
|y BK
|x No price found in the accession register.
|
| 952 |
|
|
|0 0
|1 4
|2 ddc
|4 1
|6 338_500000000000000_KRU
|7 0
|9 5846
|a BRACUL
|b BRACUL
|c GEN
|d 2009-12-05
|e Dhanshiri Library
|g 5000.00
|l 19
|m 41
|o 338.5 KRU
|p 3010019608
|r 2012-11-07
|s 2012-10-08
|t 1
|w 2009-12-05
|y BK
|x Koha Inventory 2020 Requisitioned by Fahmida Sadia Rahman Department of ESS. Course name and no. N/A
|